The death of Herod : an essay in the sociology of religion

Αποθηκεύτηκε σε:
Λεπτομέρειες βιβλιογραφικής εγγραφής
Κύριος συγγραφέας: Fenn, Richard K.
Μορφή: Βιβλίο
Γλώσσα:English
Δημοσίευση: Cambridge : Cambridge University Press, c1992
Θέματα:
Ετικέτες: Προσθήκη ετικέτας
Δεν υπάρχουν, Καταχωρήστε ετικέτα πρώτοι!

MARC

LEADER 00000nam a2200000 i 4500
001 1/70426
008 990225s1992 eng d
020 |a 0-521-42502-6 
035 |l 10048097 
040 |a GR-MY-UA  |b gre  |e aacr 
041 0 |a eng 
082 0 |a 933.05092 
100 1 |a Fenn, Richard K. 
245 1 4 |a The death of Herod :  |b an essay in the sociology of religion /  |c Richard Fenn 
260 |a Cambridge :   |b Cambridge University Press,   |c c1992 
300 |a 200 p. 
504 |a Includes bibliographical references 
600 1 0 |a Herod I  |c King of Judea  |d 73-4 B.C.  |x Death and burial. 
600 1 0 |a Herodian dynasty, 37 B.C.-ca. 100 A.D. 
600 0 0 |a Ιώσηπος Φλάβιος,   |d 1ος αι. μ.Χ. 
650 0 0 |a Jews  |x History  |y 168 B.C.- A.D.  |x Historiography. 
852 |a INST  |b LESVOS  |e 19990225  |h 933.05092 FEN  |p 005100016744  |q 005100016744  |t BK  |y 0 
901 |a BIBL-1999-1 
909 |a Λ  |b 061254 
922 |a 1ΕΛΗ  |b 199811  |c ΚΠΣ/ΤΚ  |d ΠΑΠΑΣΩΤΗΡΙΟΥ 
950 |a 103-1998-07-27